| 000 | 00739nam a2200217Ii 4500 | ||
|---|---|---|---|
| 003 | JO-AjNU | ||
| 008 | 230605s9999||||xx |||||||||||||| ||und|| | ||
| 040 |
_aJO-AjNU _bara _erda _cJO-AjNU |
||
| 041 | _aara | ||
| 050 | 1 | 4 | _aDS38.4 1988 |
| 100 | 3 |
_aالعبود، نافع توفيق, _eauthor _98890 |
|
| 245 | 0 | 0 | _aالمهلب بن ابي صفرة |
| 250 | _aط1 | ||
| 264 | 3 | 1 | _aبغداد: دار الشئوؤن الثقافية العامة، 1988 |
| 300 | _a71ص | ||
| 336 |
_atext _btxt _2rdacontent |
||
| 337 |
_aunmediated _bn _2rdamedia |
||
| 338 |
_avolume _bnc _2rdacarrier |
||
| 490 | 0 | _aسلسلة نوابغ الفكر العربي | |
| 650 | 4 |
_aالمهلب بن ابي صفرة- تراجم - تاريخ العرب _98891 |
|
| 999 |
_aA1019 _c4587 _d4587 |
||